000 00223nam a2200097Ia 4500
008 200302s9999 xx 000 0 und d
100 _aAuthor
245 _aHospital Architecture + Design
260 _bDaewoo E&C
300 _a140
999 _c4448
_d4448